[Event "Hastings 0001 76th"]
[Site "Hastings"]
[Date "2001.01.06"]
[Round "9"]
[White "Aronian, Levon"]
[Black "Plaskett, H James"]
[Result "1-0"]
[WhiteElo "2551"]
[BlackElo "2525"]
[Annotator "Horn,Peter"]
[PlyCount "89"]
[EventDate "2000.12.29"]
[EventType "tourn"]
[EventRounds "9"]
[EventCountry "ENG"]
[EventCategory "12"]
[SourceTitle "CBM 081"]
[Source "ChessBase"]
[SourceDate "2001.03.20"]
[SourceVersion "1"]
[SourceVersionDate "2001.03.20"]
[SourceQuality "1"]

1. Nf3 Nf6 2. g3 d5 3. Bg2 c6 4. O-O Bf5 5. d3 e6 6. Nbd2 Be7 7. Qe1 h6 8. e4 Bh7 9. Ne5 {Eine Spezialität von Vaganian.} ({Die meistgespielten Züge sind hier} 9. Qe2) ({und} 9. b3) 9... c5 $146 ({Üblich ist} 9... Nbd7 10. Nxd7 {Der Tausch kostet zwar Zeit, aber Weiß muß eh Zeit verlieren, um den f2 in Gang zu setzen.} Nxd7 11. f4 O-O (11... dxe4 12. dxe4 O-O 13. Kh1 Nc5 (13... a5 14. g4 f5 15. gxf5 exf5 16. e5 Nc5 17. Nf3 Ne6 18. Be3 Qe8 19. Rg1 $14 {Aronian,L-Delgado Crespo,M/Linares 2000}) 14. Qe2 (14. g4 $5) 14... a5 15. Nc4 b5 16. Ne5 Qc7 17. Nd3 Nxd3 18. cxd3 c5 19. Be3 Rac8 $11 {Vaganian,R-Karpov,A/Moscow 1993}) 12. Kh1 {[%cal Yg3g4] Weiß schützt den  vor Belästigungen auf der Diagonale und bereitet Aktionen auf der g-Linie vor (Start mit g3-g4). Mitunter wird der f1 auf g1 landen.} (12. Qe2 a5 13. Kh1 a4 14. f5 dxe4 15. dxe4 exf5 16. exf5 Re8 $132 {Nasir Ali,S-Hartston,W/Delhi 1982}) 12... a5 (12... Bc5 13. g4 a5 14. a4 Re8 15. Qg3 dxe4 16. Nxe4 Bxe4 17. Bxe4 Nf6 18. Bg2 $14 {Vaganian,R-Short,N/Luzern 1985}) (12... Kh8 13. g4 dxe4 14. Nxe4 f5 15. Ng3 Bg8 16. Qe2 fxg4 17. Qxg4 Nf6 18. Qh3 Nd5 19. Bd2 Bd6 20. Nh5 $13 {Vaganian,R-Thorhallsson,T/New York 1997}) 13. g4 a4 14. f5 (14. a3 Bh4 15. Qe2 dxe4 16. dxe4 Nc5 17. Nc4 b5 18. Ne5 Qc7 19. g5 Bxg5 20. fxg5 Qxe5 21. Bf4 Qxb2 22. Bd6 Qc3 23. gxh6 $40 {Vaganian,R-Comp Centaur/The Hague 1996}) 14... a3 15. b3 Re8 16. Rb1 exf5 17. gxf5 Qa5 18. exd5 cxd5 19. Qg3 Bb4 20. Nf3 Kh8 21. f6 $40 {Vaganian,R-Sveshnikov,E/Sochi 1980}) (9... O-O {kommt den Absichten des Weißen nur entgegen:} 10. f4 $14) ({RR} 9... Nbd7 10. Nxd7 Nxd7 11. f4 O-O 12. Kh1 a5 13. g4 a4 14. a3 Bh4 15. Qe2 dxe4 16. dxe4 Nc5 17. Nc4 b5 18. Ne5 Qc7 19. g5 Bxg5 20. fxg5 Qxe5 21. Bf4 Qxb2 22. Bd6 Qc3 23. gxh6 Rfd8 24. Rad1 {Vaganian,R (2615)-Comp Centaur The Hague 1996 1-0 (33)}) ({RR} 9... Na6 10. Qe2 Nb4 11. c3 Na6 12. d4 O-O 13. Nxc6 bxc6 14. Qxa6 dxe4 15. Qxc6 Qd5 16. Qa6 e5 17. Nb3 exd4 18. Nxd4 Bc5 19. Be3 Ng4 20. Rad1 Qh5 21. h3 Nxe3 22. fxe3 Qg5 23. Rf4 Qxg3 24. Qe2 {Morozevich,A (2755)-Karpov,A (2670) Moscow 2007 1-0 (33)}) ({RR} 9... Nbd7 10. Nxd7 Nxd7 11. f4 Qb6+ 12. Kh1 d4 13. a4 Rc8 14. a5 Qc7 15. Qe2 O-O 16. e5 b5 17. g4 c5 18. b3 c4 19. bxc4 Bb4 20. Bb2 Bxa5 21. Bxd4 Bxd2 22. Rxa7 Qd8 23. Qxd2 bxc4 24. f5 {Valdes Romero,L (2404)-Chen,M (1997) Chess.com INT 2022 1-0 (42)}) ({RR} 9... O-O 10. f4 Nbd7 11. Nxd7 Nxd7 12. Kh1 dxe4 13. dxe4 a5 14. g4 f5 15. gxf5 exf5 16. e5 Nc5 17. Nf3 Ne6 18. Be3 Qe8 19. Rg1 Qh5 20. Rd1 Rfd8 21. Rxd8+ Bxd8 22. Nd4 Qf7 23. Qc3 Nxd4 24. Bxd4 {Aronian,L (2518)-Delgado Crespo,M (2295) Linares 2000 1-0 (46)}) ({RR} 9... O-O 10. f4 a5 11. Kh1 a4 12. a3 Re8 13. g4 Nfd7 14. Nxd7 Nxd7 15. Qg3 Ra5 16. f5 exf5 17. exf5 Bh4 18. Qh3 Bg5 19. Nf3 Bxc1 20. Raxc1 Qf6 21. Qg3 Rb5 22. Rfe1 Rc8 23. c4 dxc4 24. dxc4 {Sama Salinas,H (2257)-Zarubitski,V (2416) Riga 2018 0-1 (51)}) 10. f4 Nc6 11. Nxc6 bxc6 {Die Unterschiede zu 9..bd7: Die schwarze Bauernstruktur am Damenflügel ist radikal anders und Weiß muß etwas Zeit verlieren, um g4 durchzusetzen. Am wichtigsten ist vielleicht, daß Schwarz noch nicht rochiert hat.} 12. Kh1 {Der Standardzug ist in jedem Fall nützlich.} a5 13. Qe2 {[%cal Yg3g4] Damit kommt der Bauernvorstoß doch wieder ins Spiel.} a4 {[%cal Ya4a3]} 14. a3 Qc7 15. g4 {Aronian bleibt auch hier seinem Standard treu, obwohl hier größere Risiken vorhanden sind als mit einem g8.} h5 $6 {Eine radikale Entscheidung: Plaskett versucht die Gegenüberstellung von h8 und h1 zu nutzen. Es bleibt aber die Frage, ob er nicht zuviel von der Stellung verlangt.} 16. g5 $8 Ng4 ({Halbherzig wäre} 16... Nd7 17. Qxh5 $16) 17. Nf3 {Nimmt dem schwarzen Gegenspiel den Wind aus den Segeln.} ({Das direkte} 17. h3 $2 {wäre Plaskett recht gewesen:} Bxg5 18. exd5 (18. hxg4 hxg4 $17) 18... Bxf4 $1 19. dxe6 Bxd2 $40) 17... f6 18. exd5 ({Hier kam} 18. h3 {schon eher in Betracht; es ist mir nicht klar, was Plaskett beabsichtigt hatte.} fxg5 ({bei einem passiven Zug wie} 18... Rb8 {kann schon} 19. hxg4 hxg4 20. Nh2 $1 {folgen, z.B.:} (20. Ne1 $2 Bxe4+ 21. Kg1 Bf5 $44) 20... g3 21. Qh5+ Kd7 22. g6 Bxg6 23. Qxg6 Rxh2+ 24. Kg1) 19. fxg5 ({Selbst} 19. hxg4 hxg4 20. Ne5 gxf4 21. Nxg4 {sieht gar nicht so schlecht aus.}) 19... Bg6 (19... dxe4 20. dxe4 Bd6 21. e5 $1) (19... c4 20. hxg4 hxg4 21. Nh2) 20. exd5 exd5 21. Kg1 {und Weiß hat (wie in der Partiefortsetzung) alle Chancen.}) 18... exd5 19. Re1 (19. h3 {s.o.}) 19... Kd8 (19... fxg5 20. Nxg5 $40 Bf5 21. Ne6 Bxe6 22. Qxe6) 20. h3 fxg5 21. Kg1 (21. fxg5 Bd6 22. Qe6 $16 {[%cal Rg5g6] gefällt mir (auch) sehr gut, z.B.:} Bxd3 23. cxd3 Nf2+ 24. Kg1 Nxd3 25. Re2) (21. hxg4 $2 {kommt dagegen garnicht in Frage:} hxg4 $17) 21... Nh6 (21... Nf6 22. fxg5 Ne8 23. g6 $1 Bg8 24. Bf4 $16) 22. fxg5 Nf5 23. Qe6 (23. Ne5 Bd6 24. Bf4 $16) 23... Qd6 (23... Rf8 24. Ne5 $16) 24. g6 $5 {Aronian liebt das effektvolle Spiel} ({Einfach und stark war dagegen} 24. Bf4 $142 $1 Qxe6 (24... Qxf4 $2 25. Ne5 $18) 25. Rxe6 Kd7 26. Rae1 $16 {und Weiß behält vielfältige Drohungen.} Rhe8 {Auch die Liquidation in der e-Linie kann den Druck nicht vollständig abschütteln:} 27. R6e2 (27. g6 $6 Bg8 28. R6e2 Bf6 $14) 27... Bd6 28. Rxe8 Rxe8 29. Rxe8 Kxe8 30. Bxd6 Nxd6 31. Ne5 $16) 24... Bxg6 25. Bg5 Bxg5 $2 ({Aufmerksamer war} 25... Qxe6 26. Rxe6 Be8 {[%cal Ye8d7]} 27. Re5 $44) 26. Nxg5 Re8 27. Qxd6+ Nxd6 28. Ne6+ Kc8 29. Nxc5 $16 {[%csl Gc5] Gegen einen solchen Idealspringer fällt das Spiel schwer.} Ra5 30. Rxe8+ Nxe8 31. d4 Bxc2 ({Auch} 31... Rb5 {kann nicht alle Probleme lösen:} 32. b4 $1 Bxc2 33. Rc1 (33. Re1) 33... Bb3 34. Nxb3 axb3 35. Rxc6+ Nc7 36. Rc3 $16) 32. Rc1 Bf5 (32... Bb3 33. Nxb3 axb3 34. Rxc6+ $16) 33. Bxd5 Kc7 (33... cxd5 34. Nb3+ $18) 34. Bxc6 $1 $18 Nd6 (34... Kxc6 35. Nb3+ $18) 35. Bxa4 Kd8 36. Rc3 g5 37. Bc2 Bxc2 38. Rxc2 Ra7 39. Ne6+ Ke7 40. Nxg5 Kf6 41. Nf3 Kf5 42. Kf2 Kf4 43. Nd2 Ra4 44. Nb3 Ra8 45. Nc5 1-0

[Event "GER CupT prel"]
[Site "Porz"]
[Date "2001.02.10"]
[Round "?"]
[White "Gutman, Lev"]
[Black "Lutz, Christopher"]
[Result "1-0"]
[WhiteElo "2527"]
[BlackElo "2609"]
[Annotator "Gutman,Lev"]
[PlyCount "81"]
[EventDate "2001.01.??"]
[EventType "team"]
[EventRounds "1"]
[EventCountry "GER"]
[SourceTitle "CBM 081"]
[Source "ChessBase"]
[SourceDate "2001.03.20"]
[SourceVersion "1"]
[SourceVersionDate "2001.03.20"]
[SourceQuality "1"]

1. Nf3 d5 2. g3 c6 3. Bg2 Bg4 {Dieser Laeuferzug, eine Idee von Capablanka, kommt immer oefter vor und bereitet Weiss gewisse Probleme.} 4. Ne5 {In meiner frueherer Partie gegen Lutz, Bad Zwesten 2000, ich verzichtete auf diesen Roesselsprung, jedenfalls ohne Erfolg. 4...} Bf5 (4... Bh5 {gilt als die bessere Alternative, jedoch} 5. c4 e6 6. Qb3 Qb6 7. Nc3 Nf6 8. d4 Nbd7 9. O-O (9. Nxd7 Nxd7 10. O-O {war praeziser}) 9... Be7 (9... Nxe5 10. dxe5 Nd7 {wirkt kritisch}) 10. Nxd7 Nxd7 11. e4 dxe4 12. Nxe4 O-O 13. Be3 (13. Qc3 Nf6 {"bereitet Schwarz keine Sorgen, Romanischin-Larsen , Lone Pine 1981", Wladimir Bagirow "Reti-Eroeffnung"}) 13... Rfd8 14. h3 (14. Qc3 Qc7 15. Bf4 Qc8 16. Rfe1 Nf6 17. Nc5 Nd7 18. Ne4 Nf6 19. Nxf6+ Bxf6 20. Be5 Bxe5 21. Rxe5 Bg6 22. Rae1 {folgte in Romanischin-Tukmakow, Kastel Stari 1997}) 14... Bg6 15. Nd2 Bf6 16. c5 Qxb3 17. axb3 e5 18. dxe5 Bxe5 19. f4 Bxb2 20. Ra2 Re8 21. Rxb2 Rxe3 22. f5 {konnte Weiss zufrieden stellen, Gutman-Carsten Mueller, Altenkirchen DEM 1999.}) 5. c4 Nd7 ({RR} 5... e6 6. Qb3 Qb6 7. O-O Nf6 8. d4 Nbd7 9. Nxd7 Nxd7 10. c5 Qxb3 11. axb3 Be7 12. Nc3 O-O 13. b4 a6 14. f3 Bf6 15. Be3 e5 16. Rfd1 Rfe8 17. dxe5 Nxe5 18. Bd4 Nc4 19. Bxf6 gxf6 20. e4 {Ishvi,A (1954)-Shohat,Y (2389) chess.com INT 2025 0-1 (35)}) ({RR} 5... e6 6. Qb3 Nd7 7. d4 Qb6 8. Nxd7 Qxb3 9. axb3 Kxd7 10. Nd2 Bb4 11. Kd1 Nf6 12. Nf3 Ke7 13. c5 Ng4 14. Rf1 Be4 15. Ra4 a5 16. h3 Nh2 17. Nxh2 Bxg2 18. Rg1 Bxh3 19. g4 h5 20. gxh5 {Gutman,L (2445)-Beulen,M (2280) Caorle 1991 1-0 (41)}) 6. d4 e6 7. O-O (7. Qb3 {haette Schwarz mittels 7...} Nxe5 (7... Qb6 8. Nxd7 Qxb3 9. axb3 Kxd7 10. Nc3 Nf6 11. c5 Be7 12. b4 b5 13. f3 {ergab weissen Vorteil in Gutman-Bagirow, Moskau 1989}) 8. dxe5 Qb6 {beantworten koennen.}) 7... Ngf6 8. Nxd7 $146 ({Wird relativ selten gespielt, aber das uebliche} 8. Nc3 Be7 ({"} 8... Nxe5 9. dxe5 Ng4 10. cxd5 exd5 11. Qa4 b5 12. Qf4 {kommt dem Anziehenden zugute, Kavalek-Van der Wiel, Bochum 1981", Bagirow}) 9. Qb3 {bietet wenig Aussicht, 9...} Qb6 10. Nxd7 Nxd7 11. e4 dxe4 12. Nxe4 O-O ({auch} 12... Bxe4 13. Bxe4 Qxb3 14. axb3 O-O 15. Be3 Rfd8 16. Bg2 Nf6 17. h3 a6 18. Rfd1 Rd7 {kommt in Betracht, Karlsson-Arkell, Wrexam 1994}) 13. Be3 Nf6 14. d5 Qxb3 15. Nxf6+ Bxf6 16. axb3 cxd5 17. cxd5 Bxb2 (17... a6 18. Rfd1 Bxb2 19. Ra2 Bf6 20. d6 $1 Rab8 21. Bb6 {scheint vorteilhaft fuer Weiss zu sein}) 18. Ra2 Be5 19. Rxa7 Rxa7 20. Bxa7 exd5 21. Bxd5 Rd8 {fuehrte zum Ausgleich, Oratovsky-Siebrecht, Saanen 1994.}) ({RR} 8. Nc3 Be7 9. h3 h6 10. Qb3 Nxe5 11. dxe5 Nd7 12. Qxb7 O-O 13. Qxc6 Rc8 14. Qb5 Rc5 15. Qb7 Rxc4 16. Rd1 Bc2 17. Rd2 Bg6 18. Rd1 Bc2 19. Rd2 Bh7 20. Rd1 Nxe5 21. Bf4 Ng6 22. Bd2 Qb8 {Heffalump (2527)-Klosterfrau (2627) Playchess.com INT 2007 ½-½ (53)}) ({RR} 8. Nc3 Be7 9. Qb3 Qb6 10. Nxd7 Nxd7 11. c5 Qxb3 12. axb3 e5 13. b4 exd4 14. Nxd5 cxd5 15. Bxd5 O-O 16. Bxb7 Rab8 17. c6 Nb6 18. Bf4 Rbe8 19. b5 g5 20. Bc7 Nd5 21. Be5 Bc5 22. Rfc1 Bb6 {Predke,A (2688)-Rychagov,A (2549) Chess.com INT 2022 0-1 (49)}) ({RR} 8. Nc3 Be7 9. Bf4 O-O 10. Qb3 Qb6 11. Nxd7 Nxd7 12. e4 dxe4 13. Nxe4 Bxe4 14. Bxe4 Nf6 15. Bg2 Qxb3 16. axb3 Rfd8 17. Rfd1 a6 18. h3 h6 19. Be5 Nd7 20. Bc7 Rdc8 21. Bf4 Nf6 22. d5 cxd5 {Tan,R (1992)-Kevlishvili,R (2541) chess.com INT 2023 1-0 (39)}) 8... Qxd7 9. Nd2 ({Weiss gibt die Idee mit e2-e4 auf und ueberfuehrt den Springer auf f3, um das Feld e5 unter die Lupe zu nehmen.} 9. Nc3 Be7 10. f3 (10. Qb3 O-O 11. Rd1 Rfc8 12. Bg5 dxc4 13. Qxc4 Bc2 {ist kaum besser, Mora-Botez, Tel Aviv Olympiade 1964}) 10... Rd8 11. c5 O-O 12. Kh1 Qc8 13. Bf4 Nd7 14. g4 Bg6 15. e3 e5 {versprach Schwarz gutes Gegenspiel, Wilhelmi-Naumann, Halle 1996.}) 9... Be7 10. Nf3 (10. b3 O-O 11. Bb2 a5 12. a3 h6 13. Rc1 b5 14. c5 Bh7 15. f3 a4 16. b4 Ne8 17. e4 Nc7 18. Qe2 Rae8 19. e5 f6 {ueberzeugt weniger, Schulze-Bagirow, Bern 1995.}) 10... O-O 11. Bf4 {Ich war nu n mit meiner Stellung zufrieden, obwohl laut Junior steht Schwarz nicht schlecht. 11...} Qd8 12. c5 (12. Qb3 Qb6 {bringt Weiss nichts ein.}) 12... Be4 {Der Jagd auf den laesstigen Nf3 beginnt.} 13. Ne5 (13. Qb3 {scheitert an 13...} Bxf3 14. Bxf3 b6 {.}) 13... Bxg2 14. Kxg2 Nd7 15. Nd3 Bg5 16. e3 Bxf4 17. exf4 Qf6 (17... b6 18. Rc1 bxc5 19. Nxc5 Nxc5 20. Rxc5 Qb6 21. Qc2 Rab8 22. b3 Rfc8 23. Rd1 Qa6 24. Rd3 {scheint guenstiger fuer den Anziehenden zu sein: Am Damenfluegel hat Schwarz nichts erreicht, dagegen weisse Initiative am Koenigsfluegel kann unangenehm werden.}) 18. Ne5 {Nicht sehr gerne, aber es ist schwer was Besseres zu finden. 18...} Nxe5 19. fxe5 {Schwarz hat sich vom Anblick des feindlichen Springers endlich befreit, aber Weiss hat mehr Raum, und es ist nicht leicht ein Gegenspiel zu erlangen. 19...} Qg6 (19... Qe7 20. Rc1 {war zu ueberlegen.}) 20. Rc1 Rfb8 (20... f6 21. Re1 Rf7 22. Rc3 Raf8 23. exf6 Rxf6 24. f3 Qf7 25. Qe2 Rh6 26. Re3 {verspricht Schwarz keinem vollen Ausgleich.}) 21. Re1 h6 (21... Qg5 22. Re3 Qd8 {kommt in Frage.}) 22. Re3 b6 23. b3 a5 ({Auf der Suche nach Gegenspiel,} 23... b5 24. f4 a5 25. a3 Rf8 26. Qe2 a4 27. b4 Rae8 28. Rf1 {waere zu passiv.}) 24. cxb6 Rxb6 25. a4 Qg5 26. Rc5 Qe7 27. Qd2 Rba6 (27... Qb7 28. Rxa5 Rxa5 29. Qxa5 Rxb3 30. Rxb3 Qxb3 31. Qa8+ Kh7 32. Qxc6 Qd1 33. a5 Qxd4 34. Qc2+ g6 35. a6 Kg7 36. Qa2 Qa7 37. h4 {und Schwarz hat eine schwere Verteidigung vor sich.}) 28. Rec3 Qb7 29. g4 (29. Rf3 $1 Qe7 30. h4 {gefaellt mir nun besser, zum Beispiel: 30...} Qb7 31. g4 Qe7 32. g5 {.}) 29... Rb6 30. Qc2 Raa6 31. Rg3 $6 (31. f4 $5 {war vorzuziehen.}) 31... Rb4 32. Qd3 Rab6 33. Rc3 c5 $2 ({Ein Fehler in Zeitnot. Notwendig war} 33... Qe7 {, wenn auch nach} 34. Qd2 (34. g5 hxg5 35. Qe3 f6 36. exf6 Qxf6 37. Rf3 Qg6 38. Qe5 Qe4 39. Qxg5 Rxb3 40. Qd8+ Kh7 41. Qe8 Rxc3 42. Qh5+ {mit Dauerschach}) 34... Qh4 35. Rcd3 (35. f4 Kf8 36. Qd3 Kg8) 35... Qe7 36. Qc1 Qd8 37. Qc5 {behaelt Weiss die besseren Chancen.}) 34. Rxc5 Rxb3 35. Qc2 Rxg3+ 36. hxg3 g5 37. Rc8+ Kg7 38. Qc5 Qxc8 39. Qxc8 Rb4 40. Qd8 Rxd4 41. Qf6+ {Schwarz gab auf.} 1-0

[Event "Linares Anibal op 08th"]
[Site "Linares"]
[Date "2001.01.14"]
[Round "7"]
[White "Zhang, Zhong"]
[Black "Vescovi, Giovanni P"]
[Result "1-0"]
[WhiteElo "2607"]
[BlackElo "2519"]
[PlyCount "97"]
[EventDate "2001.01.08"]
[EventType "swiss"]
[EventRounds "11"]
[EventCountry "ESP"]
[SourceTitle "CBM 081"]
[Source "ChessBase"]
[SourceDate "2001.03.20"]
[SourceVersion "1"]
[SourceVersionDate "2001.03.20"]
[SourceQuality "1"]

1. e4 c5 2. Nf3 e6 3. d3 Nc6 4. g3 d5 5. Qe2 Nge7 6. Bg2 g6 7. O-O Bg7 8. c3 b6 9. Re1 h6 ({RR} 9... Bb7 10. e5 h6 11. h4 Qc7 12. Na3 a6 13. Nc2 a5 14. a4 Ba6 15. Na3 Na7 16. Bd2 Nec6 17. c4 dxc4 18. Nxc4 Rd8 19. Rac1 Nc8 20. Bf4 O-O 21. Qd2 h5 22. Ng5 N8e7 23. g4 hxg4 24. Qe2 {Nijboer,F (2605)-Van Wely,L (2655) Gouda 1997 0-1 (37)}) 10. h4 ({RR} 10. exd5 exd5 11. d4 O-O 12. Be3 Nf5 13. Qd2 Nxe3 14. Rxe3 Be6 15. Na3 cxd4 16. cxd4 Qd7 17. Nc2 Rac8 18. Rae1 Qd6 19. a3 Na5 20. Rc3 Rxc3 21. bxc3 Nc4 22. Qc1 Rc8 23. h4 Bf5 24. Ne3 Nxe3 {Sanal,V (2577)-Papasimakopoulos,A (2401) chess.com INT 2023 ½-½ (83)}) 10... dxe4 $146 ({RR} 10... Ba6 11. e5 Qc7 12. Na3 O-O 13. Bd2 Qd7 14. b4 cxb4 15. cxb4 Nf5 16. b5 Ncd4 17. Nxd4 Nxd4 18. Qg4 Nxb5 19. Qa4 Rfd8 20. Rac1 Nc7 21. Qb3 h5 22. Nc2 Rdc8 23. Nd4 Bb7 24. Qd1 Ne8 25. g4 {Strikovic,A (2550)-Kaidanov,G (2580) Yerevan 1996 0-1 (39)}) ({RR} 10... Ba6 11. e5 Qc7 12. a4 Na5 13. Nbd2 Nec6 14. b3 g5 15. hxg5 hxg5 16. Rb1 g4 17. b4 gxf3 18. Nxf3 Nxe5 19. Nxe5 Qxe5 20. Qxe5 Bxe5 21. Rxe5 Bxd3 22. Rb2 Nc4 23. Bxd5 O-O-O 24. Bxc4 Bxc4 25. Kg2 {Salvador Lopez,D-Delchev,A (2629) Cullera 2001 0-1 (38)}) 11. dxe4 e5 12. Na3 O-O 13. Nh2 f5 14. Rd1 Ba6 15. Qc2 Qe8 16. Nb5 Bxb5 17. Qb3+ Kh7 18. Qxb5 f4 19. Qe2 Qf7 20. Bd2 Rad8 21. Be1 Rxd1 22. Qxd1 Rd8 23. Qa4 h5 24. Bf1 Bh6 25. Bc4 Qf6 26. Rd1 Rd6 27. Kg2 g5 28. hxg5 Bxg5 29. Nf3 Bh6 30. Bb5 Qe6 31. Qc2 Ng6 32. Rxd6 Qxd6 33. Qd2 Qf6 34. Qd7+ Nce7 35. Qxa7 fxg3 36. fxg3 Qe6 37. Be8 Kh8 38. Bxg6 Nxg6 39. Qa8+ Kg7 40. Qb7+ Kf6 41. Qh7 Bc1 42. Qxh5 Qxa2 43. Qf5+ Kg7 44. Qd7+ Kh6 45. Bd2+ Bxd2 46. Qxd2+ Kg7 47. Qd7+ Kh6 48. g4 Nf4+ 49. Kg3 1-0

[Event "Ubeda op 6th"]
[Site "Ubeda"]
[Date "2001.01.28"]
[Round "8.1"]
[White "Zhang, Zhong"]
[Black "Kobalia, Mihail"]
[Result "1-0"]
[WhiteElo "2607"]
[BlackElo "2581"]
[PlyCount "127"]
[EventDate "2001.01.21"]
[EventType "swiss"]
[EventRounds "10"]
[EventCountry "ESP"]
[SourceTitle "CBM 080 Extra"]
[Source "ChessBase"]
[SourceDate "2001.03.08"]
[SourceVersion "1"]
[SourceVersionDate "2001.03.08"]
[SourceQuality "1"]

1. e4 c5 2. Nf3 e6 3. d3 Nc6 4. g3 Nge7 5. Bg2 g6 6. O-O Bg7 7. c3 O-O 8. d4 cxd4 9. cxd4 d5 10. e5 Nf5 11. Nc3 f6 12. g4 Nfe7 13. exf6 Rxf6 14. Be3 Rf8 $146 ({RR} 14... Qf8 15. Qe2 Rf4 16. Bxf4 Qxf4 17. Qd2 Qxg4 18. Ne2 Bd7 19. Rad1 Rf8 20. h3 Qf5 21. Nh2 Qh5 22. Ng3 Qh4 23. Nf3 Qf4 24. Qxf4 Rxf4 25. Ne2 Rf8 26. Ng3 h6 27. Rfe1 g5 28. Re3 Ng6 29. Nh5 {Iordachescu,V (2460)-Djurhuus,R (2505) Yerevan 1996 ½-½ (57)}) 15. Qd2 Bd7 16. h3 Nc8 17. Rfe1 Nd6 18. b3 Qa5 19. Rac1 Rac8 20. Qd3 Nb4 21. Qb1 Nc6 22. Qd3 Nb4 23. Qd2 Nc6 24. Bf4 Nf7 25. Qe3 Nb4 26. h4 Nxa2 27. Nxa2 Qxa2 28. h5 Qa3 29. hxg6 hxg6 30. Qd3 Qe7 31. Rxc8 Bxc8 32. g5 Nd6 33. Bxd6 Qxd6 34. Qxg6 Qf4 35. Re3 Qf5 36. Qxf5 Rxf5 37. Bh3 Rf8 38. Kg2 Re8 39. Rc3 Bd7 40. Rc7 Bc6 41. Bg4 Kf8 42. Kg3 a5 43. Bh5 Ra8 44. Bf7 a4 45. bxa4 Rxa4 46. Bxe6 Be8 47. Rxb7 Ra3 48. Rb4 Bh5 49. Bxd5 Bxf3 50. Bxf3 Rd3 51. d5 Be5+ 52. Kg2 Rd2 53. Kf1 Bd4 54. Be2 Bc5 55. Rb5 Bd4 56. Rb3 Ke7 57. Rf3 Kd6 58. Rf5 Bc5 59. g6 Bd4 60. Rf7 Ra2 61. Bg4 Kxd5 62. Rd7+ Kc5 63. Rxd4 Kxd4 64. g7 1-0

[Event "Coria del Rio op 7th"]
[Site "Coria del Rio"]
[Date "2001.02.20"]
[Round "7"]
[White "Komljenovic, Davorin"]
[Black "Korneev, Oleg"]
[Result "1-0"]
[WhiteElo "2512"]
[BlackElo "2600"]
[PlyCount "143"]
[EventDate "2001.02.14"]
[EventType "swiss"]
[EventRounds "9"]
[EventCountry "ESP"]
[SourceTitle "CBM 080 Extra"]
[Source "ChessBase"]
[SourceDate "2001.03.08"]
[SourceVersion "1"]
[SourceVersionDate "2001.03.08"]
[SourceQuality "1"]

1. Nf3 d5 2. g3 c6 3. Bg2 Bg4 4. b3 Nd7 5. Bb2 Ngf6 6. h3 Bh5 7. O-O e6 8. d3 Bd6 9. Nbd2 O-O 10. Qe1 e5 11. e4 Re8 12. Nh4 Nc5 13. Nf5 ({RR} 13. a4 Ne6 14. Nf5 Bc7 15. Nf3 Bxf3 16. Bxf3 Nd4 17. Nxd4 exd4 18. Bxd4 dxe4 19. Bxf6 Qxf6 20. Bxe4 Qd4 21. Qd1 {½-½ (21) Kortschnoj,V (2655)-Sax,G (2580) Tilburg 1989}) ({RR} 13. a4 Bc7 14. b4 Ne6 15. Nf5 Bg6 16. Ne3 Qd7 17. a5 Rad8 18. h4 a6 19. Qd1 Qe7 20. Nf5 Qxb4 21. Ba3 Qc3 22. Be7 Bxf5 23. Bxd8 Bg4 24. f3 Rxd8 25. fxg4 Bxa5 26. Rxa5 Qxa5 27. g5 Nxe4 {Chatalbashev,B (2525)-Korneev,O (2606) Cutro 2003 0-1 (41)}) 13... Bc7 14. Kh1 $146 ({RR} 14. f4 exf4 15. gxf4 dxe4 16. Nxe4 Nfxe4 17. dxe4 Ne6 18. Qg3 Bg6 19. Rad1 Nxf4 20. Qxf4 Bxf4 21. Rxd8 Raxd8 22. Rxf4 Rd1+ 23. Rf1 Red8 24. Bc3 f6 25. Kf2 Bxf5 26. exf5 Kf7 27. a4 g6 28. Be4 Rxf1+ {Jansa,V (2495)-Keene,R (2490) Aarhus 1983 1-0 (41)}) ({RR} 14. a3 a5 15. Rb1 Bg6 16. b4 axb4 17. axb4 dxe4 18. dxe4 Ncxe4 19. Nxg7 Qxd2 20. Nxe8 Rxe8 {0-1 (20) Jacobsen,B (2315)-Pedersen,N (2290) Aarhus 1996}) 14... Bg6 15. Nh4 Bh5 16. Bf3 ({RR} 16. a3 Qd7 17. f3 Ne6 18. f4 exf4 19. e5 f3 20. Ndxf3 Bxf3 21. Rxf3 Ng5 22. Rf5 h6 23. Qb4 Nfh7 24. Qg4 Re6 25. Raf1 Rae8 26. d4 Bb6 27. R5f4 Nf8 28. Nf5 Rg6 29. Qe2 Nge6 30. R4f2 Nd8 {Danielian,E (2437)-Girya,O (2470) Riga 2017 1-0 (100)}) 16... Ba5 17. Bxh5 Nxh5 18. Rd1 Nf4 19. Qe3 Bb6 20. d4 Nce6 21. Nf5 exd4 22. Qf3 Ng6 23. exd5 cxd5 24. Rfe1 Qd7 25. Qg4 Rac8 26. Rc1 Ba5 27. Re2 Bxd2 28. Rxd2 Ne5 29. Qh5 f6 30. Nxd4 Ng5 31. Kg2 Nc6 32. Nf3 Nxf3 33. Qxf3 d4 34. Rcd1 Ne5 35. Qf4 Qd5+ 36. f3 Nc6 37. c4 Qa5 38. Bxd4 Rcd8 39. Bf2 Rxd2 40. Qxd2 Qxd2 41. Rxd2 Re7 42. f4 Kf7 43. Bc5 Rc7 44. Kf3 b6 45. Ba3 a6 46. Bd6 Rd7 47. Ke4 Rd8 48. Rd5 Re8+ 49. Kf3 Rc8 50. Ke3 Re8+ 51. Kd2 Rc8 52. Kc3 g6 53. g4 h6 54. f5 g5 55. a4 h5 56. Bg3 hxg4 57. hxg4 Ke7 58. Rd6 a5 59. Re6+ Kf7 60. Bh2 Nb4 61. Bg1 Nd5+ 62. Kb2 Nf4 63. Rxb6 Nd3+ 64. Kc3 Nf4 65. Rb7+ Ke8 66. Bh2 Nd5+ 67. Kd4 Nb4 68. Bd6 Nc2+ 69. Kd5 Ne3+ 70. Ke6 Nxg4 71. Re7+ Kd8 72. Rh7 1-0